Bairros do Recife Click Map - Statistics

Estatísticas Gerais
  • Esse quiz foi jogado 2 vezes
  • A pontuação média é 32 de 94
Respostas no mapa
Respostas codificadas por cores de uma escala verde-vermelha no mapa do quiz de acordo com a % correta abaixo.
 
Estatísticas das Respostas
Resposta % Correto
Cohab
100%
Curado
100%
Sítio dos Pintos
100%
Vasco da Gama
100%
Aflitos
50%
Afogados
50%
Água Fria
50%
Alto do Mandu
50%
Alto José Bonifácio
50%
Alto José do Pinho
50%
Alto Santa Terezinha
50%
Arruda
50%
Barro
50%
Beberibe
50%
Boa Vista
50%
Bomba do Hemetério
50%
Bongi
50%
Brasília Teimosa
50%
Brejo de Beberibe
50%
Cabanga
50%
Caçote
50%
Cajueiro
50%
Campina do Barreto
50%
Campo Grande
50%
Caxangá
50%
Coelhos
50%
Coqueiral
50%
Córrego do Jenipapo
50%
Derby
50%
Dois Irmãos
50%
Encruzilhada
50%
Engenho do Meio
50%
Espinheiro
50%
Estância
50%
Fundão
50%
Graças
50%
Hipódromo
50%
Ilha do Leite
50%
Ilha do Retiro
50%
Imbiribeira
50%
Iputinga
50%
Jardim São Paulo
50%
Jordão
50%
Linha do Tiro
50%
Mangabeira
50%
Monteiro
50%
Mustardinha
50%
Paissandu
50%
Pau Ferro
50%
Porto da Madeira
50%
Prado
50%
Rosarinho
50%
Sancho
50%
Santo Antônio
50%
São José
50%
Tejipió
50%
Torre
50%
Torreão
50%
Torrões
50%
Totó
50%
Apipucos
0%
Areias
0%
Boa Viagem
0%
Brejo da Guabiraba
0%
Casa Amarela
0%
Casa Forte
0%
Cidade Universitária
0%
Cordeiro
0%
Dois Unidos
0%
Guabiraba
0%
Ibura
0%
Ilha Joana Bezerra
0%
Ipsep
0%
Jaqueira
0%
Jiquiá
0%
Macaxeira
0%
Madalena
0%
Mangueira
0%
Morro da Conceição
0%
Nova Descoberta
0%
Parnamirim
0%
Passarinho
0%
Peixinhos
0%
Pina
0%
Poço
0%
Ponto de Parada
0%
Recife
0%
San Martin
0%
Santana
0%
Santo Amaro
0%
Soledade
0%
Tamarineira
0%
Várzea
0%
Zumbí
0%
Nenhum quiz correspondente encontrado
Distribuição das Pontuações
Porcentagem de Pessoas com Cada Pontuação
Percentil de Números Respondidos
Sua Pontuação Histórica
Você não jogou esse quiz